000 00622nam a22002297a 4500
005 20170124110022.0
010 _aA-241261
020 _c00.00
035 _aA-241261
037 _bCen Lib/Ret
040 _aDPL
_bEN
082 _a616.1
_bMAU
100 _aMaurus, J.
_920017
245 _aYour heart is your health /
_cby J.Maurus
260 _aBombay
_bBetter Yourself Books
_c1984
270 _aBombay
_bBombay
_e400050
300 _a140p.
_c16cm(Hb)
650 _aHeart--Diseases
_920018
650 _aHeart--Diseases--Prevention
_920019
700 _919918
942 _2ddc
_cEN
_h616.1
_mMAU
999 _c127280
_d127280